O exorcista (Record no. 139780)

MARC details
000 -LÍDER
campo de controle de tamanho fixo 00522 a2200181 4500
001 - NÚMERO DE CONTROLE
campo de controle 139780
040 ## - FONTE DA CATALOGAÇÃO
Instituição que transcreveu o registro Leonardo Da Vinci
041 ## - CÓDIGO DE IDIOMA
Código do idioma do texto/trilha sonora ou título diferente Português
082 ## - CDD - CLASSIFICAÇÃO DECIMAL DE DEWEY
Número de Classificação 813 B583e
Número do exemplar B583e
100 ## - ENTRADA PRINCIPAL--NOME PESSOAL
Nome pessoal BLATTY, William Peter
245 ## - TÍTULO
Título O exorcista
260 ## - PUBLICAÇÃO, DISTRIBUIÇÃO, ETC.
Nome do editor, distribuidor, etc. Nova Cultural
Data da publicação, distribuição, etc. 1986
Local de publicação, distribuição, etc. São Paulo
300 ## - DESCRIÇÃO FÍSICA
Extensão 340
362 ## - DATAS DE PUBLICAÇÃO E/OU DESIGNAÇÃO SEQUENCIAL
Datas de publicação e/ou designação sequencial 19860000
500 ## - NOTA GERAL
Nota geral Milton Persson (Tradução)
697 ## - ENTRADA DE ASSUNTO LOCAL--ENTIDADE COLETIVA (RLIN)
Nome corporativo ou nome da jurisdição Literatura norte-americana
-- Baseado em fato verídico
-- Demônios
-- Violência
-- Suspense
-- Religião
-- Estados unidos
942 ## - ELEMENTOS DE ENTRADA ADICIONADOS (KOHA)
Tipo de material Koha Livros
Holdings
Situação do descarte Situação das perdas Situação física Não pode ser emprestado Biblioteca de origem Biblioteca atual Data de aquisição Total de empréstimos Número de chamada completo Código de barras Data de último acesso Data do preço efetivo Tipo de material Koha
        Leonardo Da Vinci - Osasco Leonardo Da Vinci - Osasco 27/03/2024   813 B583e O005311 27/03/2024 27/03/2024 Livros